[Event "St Denis op 21st"]
[Site "St Denis"]
[Date "2019.10.20"]
[Round "3"]
[White "Fondrat, Thierry"]
[Black "Cavillot Delestage, Raphael"]
[Result "1-0"]
[WhiteElo "1358"]
[BlackElo "1056"]
[PlyCount "129"]
[EventDate "2019.10.20"]
[EventType "swiss"]
[EventRounds "9"]
[EventCountry "RUF"]
[SourceTitle "CBM 192 Extra"]
[Source "Chessbase"]
[SourceDate "2019.11.06"]
[SourceVersion "1"]
[SourceVersionDate "2019.11.06"]
[SourceQuality "1"]

1. d4 d5 2. c4 dxc4 3. Nc3 e6 4. e3 b6 5. Bxc4 Bb7 6. Nf3 Nf6 7. 0-0 Bd6 8. Bd3 c5 9. dxc5 bxc5 10. e4 Bc7 11. Bg5 Nbd7 12. Re1 Ne5 13. Nxe5 Bxe5 14. Bb5+ Kf8 15. Qb3 Qb8 16. Qc4 Bxh2+ 17. Kf1 Bd6 18. Rad1 Qc7 19. Ba4 Ng4 20. Nb5 Ba6 21. Rxd6 Bxb5 22. Qxb5 Qxd6 23. g3 f6 24. Rd1 Qe7 25. Rd7 Qe8 26. Qxc5+ Kg8 27. Rxg7+ Kxg7 28. Bxe8 Rhxe8 29. Bd2 Red8 30. Bc3 Rd1+ 31. Kg2 Rc1 32. Qe7+ Kg6 33. Qxe6 Rc2 34. Qxg4+ Kf7 35. Qd7+ Kg6 36. Qe6 Rf8 37. Qf5+ Kg7 38. e5 Re2 39. exf6+ Kg8 40. Qg4+ Kf7 41. Qxe2 Re8 42. Qh5+ Ke6 43. Qe5+ Kf7 44. Qxe8+ Kxe8 45. f4 Kf7 46. g4 Kf8 47. Kg3 a5 48. a4 h6 49. Kh4 Kf7 50. Kh5 Kg8 51. Kxh6 Kh8 52. Bxa5 Kg8 53. g5 Kh8 54. g6 Kg8 55. Bc3 Kf8 56. Kh7 Ke8 57. g7 Kd7 58. g8Q Kd6 59. Qd8+ Ke6 60. Qe7+ Kd5 61. Qe5+ Kc6 62. Bb4 Kd7 63. Qd6+ Kc8 64. Qe7 Kb8 65. f7 1-0

[Event "St Denis op 21st"]
[Site "St Denis"]
[Date "2019.10.20"]
[Round "8"]
[White "Khantalina, Ilariya"]
[Black "Fondrat, Thierry"]
[Result "0-1"]
[WhiteElo "1009"]
[BlackElo "1358"]
[PlyCount "70"]
[EventDate "2019.10.20"]
[EventType "swiss"]
[EventRounds "9"]
[EventCountry "RUF"]
[SourceTitle "CBM 192 Extra"]
[Source "Chessbase"]
[SourceDate "2019.11.06"]
[SourceVersion "1"]
[SourceVersionDate "2019.11.06"]
[SourceQuality "1"]

1. e4 e5 2. Nf3 Nc6 3. d4 exd4 4. Nxd4 d6 5. Nxc6 bxc6 6. Nc3 Nf6 7. e5 dxe5 8. Qxd8+ Kxd8 9. Bc4 Ke8 10. 0-0 Bf5 11. Bb3 h6 12. Ba4 Bd7 13. Re1 Bd6 14. Bb3 Be6 15. Bxe6 fxe6 16. Ne4 Nxe4 17. Rxe4 g5 18. Bd2 Rf8 19. Bb4 Rf4 20. Rxf4 exf4 21. Bxd6 cxd6 22. g3 Ke7 23. gxf4 gxf4 24. Kg2 e5 25. Kh3 Rg8 26. Kh4 Rg2 27. Rh1 Rxf2 28. Kh5 e4 29. Kxh6 e3 30. h4 e2 31. h5 Rf1 32. Rxf1 exf1Q 33. Kg6 Qg2+ 34. Kh6 Kf7 35. Kh7 Qg7# 0-1

[Event "St Denis op 21st"]
[Site "St Denis"]
[Date "2019.10.20"]
[Round "2"]
[White "Leliboux, Thais"]
[Black "Fondrat, Thierry"]
[Result "1-0"]
[WhiteElo "1181"]
[BlackElo "1358"]
[PlyCount "82"]
[EventDate "2019.10.20"]
[EventType "swiss"]
[EventRounds "9"]
[EventCountry "RUF"]
[SourceTitle "CBM 192 Extra"]
[Source "Chessbase"]
[SourceDate "2019.11.06"]
[SourceVersion "1"]
[SourceVersionDate "2019.11.06"]
[SourceQuality "1"]

1. d4 d5 2. c4 e6 3. Nc3 Nf6 4. Bg5 Be7 5. Nf3 h6 6. Bh4 0-0 7. e3 c5 8. Be2 Nc6 9. 0-0 b6 10. Rc1 Bb7 11. a3 Rc8 12. cxd5 exd5 13. h3 Bd6 14. Nxd5 g5 15. Nxf6+ Qxf6 16. Bg3 Bxg3 17. fxg3 Qd6 18. dxc5 Qxg3 19. cxb6 axb6 20. Qb3 Qc7 21. Rc3 Qd8 22. Rd1 Qc7 23. Qb5 f6 24. Qf5 Ne7 25. Qe6+ Rf7 26. Rxc7 Rxc7 27. Bc4 Bd5 28. Bxd5 Nxd5 29. Rxd5 Rb7 30. Rb5 Kg7 31. Rxb6 Rbe7 32. Qb3 Rc7 33. Nd4 Kg6 34. Qd3+ Kh5 35. Nf5 Rcd7 36. Qb5 Kg6 37. Rb8 h5 38. Rg8+ Kh7 39. Qb8 Rg7 40. Rxg7+ Rxg7 41. Nxg7 Kxg7 1-0